| 000 | 00764cam a22002653a 4500 | ||
|---|---|---|---|
| 001 | 31221 | ||
| 003 | PGUSA | ||
| 005 | 20140828083656.0 | ||
| 008 | 100208s2010||||xxu|||||s|||||000 | eng d | ||
| 040 |
_aPGUSA _beng |
||
| 042 | _adc | ||
| 050 | 4 | _aQL | |
| 050 | 4 | _aQH | |
| 100 | 1 |
_aDuellman, William Edward, _d1930- |
|
| 245 | 1 | 4 |
_aThe Genera of Phyllomedusine Frogs (Anura : _bHylidae) _h[electronic resource] / _cWilliam Edward Duellman |
| 260 |
_bProject Gutenberg, _c2010 |
||
| 506 | _aPublic domain in the USA. | ||
| 516 | _aElectronic text | ||
| 653 | _aLeaf frogs | ||
| 653 | _aHylidae -- Latin America | ||
| 653 | _aFrogs -- Latin America | ||
| 830 | 0 |
_aProject Gutenberg _v31221 |
|
| 856 | 4 | 0 | _uhttp://www.gutenberg.org/ebooks/31221 |
| 942 | _cEB | ||
| 999 |
_c260476 _d260476 |
||